Statistics for Walking Dead Characters: Season 1 to 5

Click here to take the quiz!

General Stats

  • This quiz has been taken 235 times
  • The average score is 26 of 69

Answer Stats

HintAnswer% Correct
Main CharacterRick Grimes
97%
Tough KidCarl Grimes
95%
Cheating WifeLori Grimes
95%
Youngest CharacterJudith Grimes
80%
Best FriendShane Walsh
69%
Wears a biker jacketDaryl Dixon
64%
Died in a HospitalBeth Greene
61%
Died on her BirthdayAmy
60%
Bit and left to zombifyJim
60%
Ricks girlfriend in the ComicsAndrea
59%
BeheddedHershel Greene
58%
Lost his armMerle Dixon
58%
Had sex in a PharmacyMaggie Greene
57%
Wields two swordsMichonne
56%
Pizza delivery boyGlenn Rhee
56%
Died in the CDCJacqui
53%
Lovers foot was eatenSasha
49%
Good PrisonerAxel
49%
Protected a baby in an attackTyreese
48%
Held prisoner by the main groupRandall
47%
Found in a BarnSophia Peletier
44%
Stalking RickMorgan Jones
44%
Lures people into his campGareth
43%
Was burned to death because of a fluKaren
43%
Got hit by a carCarol Peletier
43%
Shot and left for deadOtis
43%
Another characters Boyfriend on a FarmJimmy
43%
Found in a ChurchGabriel
42%
Killed by Zombie motherDuane Jones
41%
Very quietT-Dog
41%
Wife BeaterEd Peletier
41%
Died in the CDCEdwin Jenner
40%
Escaped a Hospital and tried to save a friendNoah
40%
Good PrisonerOscar
39%
Wife of a hunterPatricia
39%
Leader of the Hospital groupDawn
38%
Killed her sisterLizzie
37%
Killed by her sisterMika
36%
Good PrisonerBig Tiny
36%
Caught a flu and died in a showerPatrick
35%
Not been seen since episode 5Morales
35%
Zombified intellectual in WoodburyMilton
35%
Bad PrisonerTomas
35%
Drives a CaravanDale Horvath
34%
Bad PrisonerAndrew
32%
Tainted MeatBob Stookey
28%
Helped a villain and regretted itTara Chambler
28%
Tried to kill the main character in a barDave
28%
Tried to kill the main character in a barTony
28%
Mother of a psychopathMary
25%
Had sex with another character in a libraryRosita Espinosa
24%
Saw her daughter get killed by a strangerLilly Chambler
22%
Lied to protect himselfEugene Porter
22%
Keeps heads in his bedroomPhilip Blake
21%
Tried to kill 4 characters at the end of season 4Joe
20%
Bit by a muddy ZombieMeghan Chambler
20%
Killed by an "old friend"Martinez
19%
Wife died in a prison after being bitAllen
16%
Died by protecting a main villain by coincidenceBen
14%
Crushed by a HelicopterZach
14%
Witnessed a slaughter and left a main villainShumpert
14%
Met the main character and met him again in TerminusSam
12%
"Saved" a girl from dying in a cemetary and tried to have sex with herGorman
8%
Ginger badassAbraham Forde
7%
Found on someones GardenJenny Jones
7%
Killed by a kid outside of the prisonJody
7%
Escaped after his group diedNate
6%
Tried to kill the main character in a barSean
5%
Killed another doctor to protect himselfSteven
5%

Score Distribution

Percentile by Number Answered

Percent of People with Each Score

Your Score History

You have not taken this quiz